Дело по циркулярному предписанию от господина директора Департамента к господам попечителям учебных округов и гражданским губерн...

Доступно только в Электронных читальных залах Найти на картеНа карте
RUSMARC
00003808nmc2a22002413x 450
00182081d1e-7300-4d21-9a55-df3dcacb28d0
00520260203003609.0
100##$a20250722l18301830k l0rusy0189 ca
1010#$arus
102##$aRU
105##$ay###
1222#$ad
2001#$aДело по циркулярному предписанию от господина директора Департамента к господам попечителям учебных округов и гражданским губернаторам, чтобы в месячных ведомостях было показываемо различие сумм каждого учебного заведения, также и капитал, обращающийся в процентах
$j9 января - 17 февраля 1830 г.
215##$a7 л.
$d36,5х26 см
251##$cДело
300##$aДело
371##$aДокумент не является опубликованным и широко распространяемым
461#0$1001a74412a3-3cc5-4d21-8f0a-dfe2fbd9e72d
$12001
$aДепартамент народного просвещения Министерства народного просвещения (1803-1917)
$1251
$cФонд
$1852
$j733
462#0$1001ccc93d8c-a161-4593-b7db-1a3e4c2bc189
$12001
$aДела счетного отделения Департамента народного просвещения за 1819-1838 годы
$1251
$cОпись
$1852
$j111
801#0$aRU
$bРГИА
$c20250722
$gRCR
801#1$aRU
$bГлавНИВЦ
$c20250722
$2rusmarc
801#2$aRU
$bПБ им. Б.Н. Ельцина
$c20260203
$gRCR
$2rusmarc
850##$aРГИА
852##$aРГИА
$eФедеральное казенное учреждение "Российский государственный исторический архив" (РГИА)
$j545
937##$hРГИА
$d12094985
$aASBIBLIO_SCAN
035##$aRusGRCC00088817
856##$uhttp://readingroom.main.prlib.ru/item.aspx?id_node=n200338071&mode=full
Формат отображения